| 000 | 01025nam a22003377a 4500 | ||
|---|---|---|---|
| 001 | 0024296 | ||
| 003 | KOHA_MİRAKIL | ||
| 005 | 20260207002435.0 | ||
| 007 | ta | ||
| 008 | 101112b2005 tu |||gr||||#||||0|tur | | ||
| 020 |
_a9756360232 _c11,26 |
||
| 040 |
_aTR-BiSEU _btur _cTR-BiSEU _erda |
||
| 041 | 0 | _atur | |
| 044 | _ctu | ||
| 050 |
_aDS27 _b.U64 2005 |
||
| 100 | 1 | _aÜremiş, Ali. | |
| 245 | 1 |
_aTürkiye Selçuklularının doğu Anadolu politikası/ _cAli Üremiş ; Ali Üremiş. |
|
| 264 | 1 |
_aAnkara : _bBabil Yayıncılık _c2005 |
|
| 300 | _axliv, 391, 1 sayfa: harita; 20 cm. | ||
| 336 |
_ametin _btxt _2rdacontent |
||
| 337 |
_aaracısız _bn _2rdamedia |
||
| 338 |
_acilt _bnc _2rdacarrier |
||
| 490 | 1 |
_aBabil yayınları ; _v23. |
|
| 490 | 1 |
_aGüncel ; _v18. |
|
| 500 | _aKaynakça ve dizin var. | ||
| 650 | 0 |
_aSeljuks--Turkey--History. _914853 |
|
| 650 | 0 |
_aTurkey--History To 1453. _916624 |
|
| 830 | 1 |
_aBabil yayınları ; _v23. _939805 |
|
| 830 | 1 |
_aGüncel ; _v18. _97225 |
|
| 942 |
_2lcc _cBK |
||
| 999 |
_c24248 _d24248 |
||